| 000 | 01122cam a2200301 a 4500 | ||
|---|---|---|---|
| 999 |
_c328405 _d328405 |
||
| 001 | 14307625 | ||
| 003 | Nust | ||
| 005 | 20170406133721.0 | ||
| 008 | 060321s2006 pk bl 000 0 eng | ||
| 010 | _a 2006334329 | ||
| 020 | _a9698761063 | ||
| 025 | _aP-E-2006334329 ; 47 | ||
| 040 |
_aDLC _cDLC _dDLC |
||
| 042 | _alcode | ||
| 043 | _aa-pk--- | ||
| 050 | 0 | 0 |
_aKPL1507 _b.H37 2006 |
| 082 | _a344.046549 JAW | ||
| 100 | 1 | _aHassan, Jawad. | |
| 245 | 1 | 0 |
_aEnvironmental laws of Pakistan : _bwith the exhaustive commentary on the Pakistan Environmental Protection Act, 1997, containing all rules, regulations, latest case law and treaties / _cby Jawad Hassan |
| 260 |
_aLahore : _bBook Biz, _c2006. |
||
| 300 |
_a358 p. ; _c23 cm. |
||
| 500 | _aH.B | ||
| 504 | _aIncludes bibliographical references. | ||
| 610 | 1 | 0 |
_aPakistan. _tEnvironmental Protection Act, 1997. |
| 650 | 0 |
_aEnvironmental law _zPakistan. |
|
| 710 | 1 | 2 |
_aPakistan. _tEnvironmental Protection Act, 1997. |
| 906 |
_a7 _bcbc _corigode _d2 _encip _f20 _gy-gencatlg |
||
| 942 |
_2ddc _cBK _k344.046549 JAW |
||